| 000 | 00000nam##2200000za#4500 |
| 001 | 9.581193 |
| 003 | CaOODSP |
| 005 | 20210624191412 |
| 007 | cr ||||||||||| |
| 008 | 150406|2005||||xxc|||||o f|0| 0 eng|d |
| 040 | |aCaOODSP|beng |
| 043 | |an-cn--- |
| 086 | 1 |aNH18-22/105-107E-PDF |
| 110 | 2 |aCanada Mortgage and Housing Corporation. |
| 245 | 10|aFire experience, smoke alarms and sprinklers in Canadian houses : |h[electronic resource]|bCMHC research to 2005 |
| 250 | |aRevised 2010 |
| 260 | |aOttawa - Ontario : |bCanada Mortgage and Housing Corporation |cc2005, 2010. |
| 300 | |a8p.|breferences, tables |
| 490 | 1 |aResearch highlight. Technical series|v05-107 |
| 500 | |aFile reproduced from original print. |
| 590 | |a14-20-Supp|b2014-11-25 |
| 775 | 08|tExpériences d'incendies, avertisseurs de fumée et extincteurs automatiques à eau dans les maisons privées au Canada : |w(CaOODSP)9.608039 |
| 776 | 0#|tFire experience, smoke alarms and sprinklers in Canadian houses : |w(CaOODSP)9.617428 |
| 830 | #0|aResearch highlight. Technical series ;|v05-107|w(CaOODSP)9.504482 |
| 856 | 40|ahttp://publications.gc.ca|qPDF|s354 KB|uhttps://publications.gc.ca/collections/collection_2014/schl-cmhc/NH18-22-105-107-eng.pdf|y05-107 |